000 00931nam a2200253Ia 4500
008 130821s2006 ck gr spa
020 _a9587016653
040 _aCo-BoUCM
_bspa
041 0 0 _aspa
245 1 0 _aKant entre sensibilidad y razón
_cRaúl Meléndez Acuña ...[et al.] ; editores Luis Eduardo Hoyos, Carlos Patarroyo Villamil y Gonzalo Serrano
260 _aBogotá (Colombia)
_bUniversidad Nacional de Colombia
_c2006
300 _a243 páginas
490 _aSapere aude
504 _aIncluye referencias bibliográficas e índice.
600 _aKant, Immanuel
_d1724-1804
_929776
650 0 4 _aFilosofía alemana
_97622
650 0 4 _aFilosofía moderna
_915835
650 0 4 _aFilosofía
_975
700 1 _aMeléndez Acuña, Raúl
_d1964-
_9164431
700 1 _aQuintana, Laura
_954034
700 1 _aRosas, Alejandro
_9164432
942 _cLIBRO
_a2
_e1
_mK167e
_2DEWEY
_h193
999 _c57511
_d57511